| 000 | 00917nam a2200289Ia 4500 | ||
|---|---|---|---|
| 003 | OSt | ||
| 005 | 20221007124131.0 | ||
| 006 | a|||||r|||| 00| 0 | ||
| 007 | ta | ||
| 008 | 221006b |||||||| |||| 00| 0 eng d | ||
| 020 | _a9780470844168 (pbk) | ||
| 024 | _a89065 | ||
| 037 |
_b631, 08/12/2009, Dhanraj Book House _cTextbook |
||
| 040 |
_aCDL _cCDL _beng |
||
| 041 |
_2eng _aeng |
||
| 082 | _aE:3,T5, P4;1-;2 Carc | ||
| 100 |
_aHollas J Michael _9714325 |
||
| 245 | 0 | _aModern spectroscopy | |
| 250 | _a4 | ||
| 260 |
_aChichester _bJohn Wiley and Sons _c2004 |
||
| 300 |
_axxvii, 452p. _ccm. |
||
| 500 | _aIncludes bibliographical references.; Appendix 407- 428p.; Index 429- 452p. | ||
| 650 |
_a Spectroscopy _9479665 |
||
| 650 | _aChemistry | ||
| 942 |
_hE:3,T5, P4;1-;2 Carc _cTB _2CC |
||
| 999 |
_c1213059 _d1213059 |
||